Energetika

Regulácia sieťových odvetví. Ceny zemného plynu a elektriny. Obnoviteľné zdroje energie. Energetická efektívnosť. Charakteristika energetiky prostredníctvom vybraných ekonomických ukazovateľov.

Salvato in:
Dettagli Bibliografici
Autore principale: Zwiebová, Darina
Natura: Capitolo di libro
Lingua:slovacco
Soggetti:
Tags: Aggiungi Tag
Nessun Tag, puoi essere il primo ad aggiungerne!!

MARC

LEADER 00000nla$a2200000$$$4500
001 0075825
005 20240502071904.5
041 0 |a slo 
044 |a SK 
245 1 0 |a Energetika  |c Darina Zwiebová 
520 |a Regulácia sieťových odvetví. Ceny zemného plynu a elektriny. Obnoviteľné zdroje energie. Energetická efektívnosť. Charakteristika energetiky prostredníctvom vybraných ekonomických ukazovateľov. 
610 2 0 |a energetika 
610 2 0 |a odvetvia sieťové 
610 2 0 |a zákony 
610 2 0 |a ceny 
610 2 0 |a zdroje energie obnoviteľné 
100 1 |a Zwiebová, Darina